|
|
|
|
| LEADER |
00000naa2a2200000 4500 |
| 001 |
631072 |
| 005 |
20231102024516.0 |
| 035 |
|
|
|a (RuTPU)RU\TPU\conf\32753
|
| 035 |
|
|
|a RU\TPU\conf\32751
|
| 090 |
|
|
|a 631072
|
| 100 |
|
|
|a 20200519d2020 k y0rusy50 ca
|
| 101 |
0 |
|
|a rus
|
| 102 |
|
|
|a RU
|
| 105 |
|
|
|a y z 101zy
|
| 135 |
|
|
|a drgn ---uucaa
|
| 181 |
|
0 |
|a i
|
| 182 |
|
0 |
|a b
|
| 200 |
1 |
|
|a Разработка информационной системы учета и анализа проектной деятельности студента
|f Н. А. Кузнецова
|g науч. рук. А. А. Захарова
|
| 203 |
|
|
|a Текст
|c электронный
|
| 225 |
1 |
|
|a Информационные технологии, экономика, управление
|
| 230 |
|
|
|a 1 компьютерный файл (pdf; 154 Kb)
|
| 300 |
|
|
|a Заглавие с экрана
|
| 320 |
|
|
|a [Библиогр.: с. 166 (7 назв.)]
|
| 330 |
|
|
|a В статье показан процесс проектирования информационной системы учета и анализа проектной деятельности студента. Проектная деятельность является на сегодняшний день актуальным методом ведения учебной деятельности, который активно внедряется в университеты, в том числе и в ТПУ.
|
| 463 |
|
0 |
|0 (RuTPU)RU\TPU\conf\32707
|t Прогрессивные технологии и экономика в машиностроении
|o сборник трудов XI Всероссийской научно-практической конференции для студентов и учащейся молодежи, 9-11 апреля 2020 г., Юрга
|f Национальный исследовательский Томский политехнический университет (ТПУ), Юргинский технологический институт (ЮТИ) ; под ред. С. А. Солодского
|v [С. 164-166]
|d 2020
|
| 610 |
1 |
|
|a электронный ресурс
|
| 610 |
1 |
|
|a труды учёных ТПУ
|
| 610 |
1 |
|
|a информационные системы
|
| 610 |
1 |
|
|a учет
|
| 610 |
1 |
|
|a анализ
|
| 610 |
1 |
|
|a проектная деятельность
|
| 610 |
1 |
|
|a проектное обучение
|
| 610 |
1 |
|
|a входная информация
|
| 610 |
1 |
|
|a бизнес-процессы
|
| 610 |
1 |
|
|a функции
|
| 610 |
1 |
|
|a диаграммы
|
| 610 |
1 |
|
|a учебные планы
|
| 610 |
1 |
|
|a курсовые работы
|
| 700 |
|
1 |
|a Кузнецова
|b Н. А.
|
| 702 |
|
1 |
|a Захарова
|b А. А.
|c специалист в области информатики и вычислительной техники
|c профессор Юргинского технологического института (филиала) Томского политехнического университета, доктор наук
|f 1976-
|g Александра Александровна
|2 stltpush
|4 727
|9 9789
|
| 712 |
0 |
2 |
|a Национальный исследовательский Томский политехнический университет
|b Юргинский технологический институт
|c (2009- )
|h 349
|2 stltpush
|3 (RuTPU)RU\TPU\col\15903
|
| 801 |
|
2 |
|a RU
|b 63413507
|c 20200525
|g RCR
|
| 856 |
4 |
|
|u http://earchive.tpu.ru/handle/11683/59285
|
| 942 |
|
|
|c BK
|